书目信息 |
| 题名: |
数字逻辑电路
|
|
| 作者: | 梅开乡 主编 | |
| 分册: | ||
| 出版信息: | 北京 电子工业出版社 2003.08 |
|
| 页数: | 186页 | |
| 开本: | 26cm | |
| 丛书名: | ||
| 单 册: | ||
| 中图分类: | TN79 | |
| 科图分类: | ||
| 主题词: | 数字电路--逻辑电路--高等教育--教材 | |
| 电子资源: | ||
| ISBN: | 7-5053-9075-9 | |
| 000 | 00936nam0 2200241 450 | |
| 001 | 0121631616 | |
| 005 | 20050819153343.98 | |
| 010 | @a7-5053-9075-9@dCNY16.00 | |
| 100 | @a20031006d2003 em y0chiy0121 ea | |
| 101 | 0 | @achi |
| 102 | @aCN@b110000 | |
| 105 | @aa a 000yy | |
| 200 | 1 | @a数字逻辑电路@AShu Zi Luo Ji Dian Lu@f梅开乡主编@Fmei kai xiang zhu bian |
| 210 | @a北京@c电子工业出版社@d2003.08 | |
| 215 | @a186页@c图@d26cm | |
| 320 | @a有书目。 | |
| 330 | @a本书主要内容包括数字逻辑基础、集成门电路、数字集成芯片的应用、触发器、时序逻辑电路、I C存储器和可编程器件、脉冲信号的产生与变换、数/模和模/数转换等。每章有内容提要、小结、思考题、练习题, 书未附有各章习题参考答案。 | |
| 333 | @a新编21世纪高等职业教育电子信息类规划教材,应用电子技术专业。 | |
| 606 | 0 | @a数字电路@x逻辑电路@x高等教育@j教材 |
| 690 | @aTN79@v4 | |
| 701 | 0 | @a梅开乡@Amei kai xiang@4主编 |
| 801 | 0 | @aCN@bQSSK@c20050819 |
| 905 | @a10447@dTN79@eM442 | |
| 数字逻辑电路/梅开乡主编.-北京:电子工业出版社,2003.08 |
| 186页:图;26cm |
| 使用对象:新编21世纪高等职业教育电子信息类规划教材,应用电子技术专业。 |
| ISBN 7-5053-9075-9:CNY16.00 |
| 本书主要内容包括数字逻辑基础、集成门电路、数字集成芯片的应用、触发器、时序逻辑电路、I C存储器和可编程器件、脉冲信号的产生与变换、数/模和模/数转换等。每章有内容提要、小结、思考题、练习题, 书未附有各章习题参考答案。 |
| ● |
| 相关链接 |
|
|
|
正题名:数字逻辑电路
索取号:TN79/M442
 
预约/预借
| 序号 | 登录号 | 条形码 | 馆藏地/架位号 | 状态 | 备注 |
| 1 | 560710 | 205607100 | 自科二线404/404自科库 13排1列2层/ [索取号:TN79/M442] | 在馆 | |
| 2 | 560711 | 205607119 | 自科库301/301自科库 32排2列5层/ [索取号:TN79/M442] | 在馆 | |
| 3 | 560712 | 205607128 | 自科库301/301自科库 32排2列5层/ [索取号:TN79/M442] | 在馆 |